Normal view
MARC view
Entry Personal Name
001 - CONTROL NUMBER
- control field: 82844
003 - CONTROL NUMBER IDENTIFIER
- control field: dpl
005 - DATE AND TIME OF LATEST TRANSACTION
- control field: 20250709142429.0
008 - FIXED-LENGTH DATA ELEMENTS
- fixed length control field: 250709|| aca||aabn | a|a d
040 ## - CATALOGING SOURCE
- Original cataloging agency: dpl
- Transcribing agency: dpl
100 ## - HEADING--PERSONAL NAME
- Personal name: Sarma, O. A
670 ## - SOURCE DATA FOUND
- Source citation: Work cat.: (dpl)212280: Sarma, O. A., Word Games Quiz/, 2024
